[Event "12th Costa del Sol it"]
[Site "Malaga ESP"]
[Date "1972.02.07"]
[Round "5"]
[White "Pomar Salamanca, Arturo"]
[Black "Benko, Pal"]
[Result "1/2-1/2"]
[WhiteElo "2510"]
[BlackElo "2520"]
[EventDate "1972.02.03"]
[PlyCount "42"]

1.d4 Nf6 2.Nf3 b6 3.c4 e6 4.g3 Bb4+ 5.Bd2 Bxd2+ 6.Qxd2 Ba6 7.Na3 O-O 8.Bg2
Bb7 9.O-O d6 10.Rfd1 Nbd7 11.Rac1 Qe7 12.Nb5 c6 13.Nc3 d5 14.Ne5 Nxe5 15.
dxe5 Nd7 16.cxd5 exd5 17.e4 Nxe5 18.exd5 cxd5 19.Nxd5 Bxd5 20.Qxd5 Rad8 
21.Qe4 Qf6 1/2-1/2

[Event "12th Costa del Sol it"]
[Site "Malaga ESP"]
[Date "1972.02.10"]
[Round "8"]
[White "Browne, Walter Shawn"]
[Black "Schaufelberger, Heinz"]
[Result "1/2-1/2"]
[WhiteElo "2500"]
[BlackElo "2340"]
[EventDate "1972.02.03"]
[PlyCount "171"]

1.e4 c6 2.d3 d5 3.Nd2 g6 4.g3 Bg7 5.Bg2 e5 6.Ngf3 Ne7 7.O-O O-O 8.Re1 d4 
9.a4 a5 10.Nc4 b5 11.Na3 Ba6 12.c3 dxc3 13.bxc3 b4 14.cxb4 axb4 15.Nc4 
Bxc4 16.dxc4 c5 17.Be3 Na6 18.Bh3 Nc6 19.Bd7 Nd4 20.Bxd4 Qxd7 21.Bxe5 Rfd8
22.Qc1 Bxe5 23.Nxe5 Qe6 24.Nf3 Rd3 25.Qf4 Kg7 26.e5 h6 27.Qe4 Rad8 28.Rec1
b3 29.Rab1 Nb4 30.Rb2 Na2 31.Re1 R8d7 32.Kg2 Nc3 33.Qa8 Nd1 34.Rb1 g5 35.
h3 b2 36.a5 Qxc4 37.e6 Qc2 38.Rbxd1 Rxd1 39.exd7 b1=Q 40.d8=Q Rxd8 41.Qxd8
Qba2 42.Rf1 Qe4 43.Re1 Qec2 44.Rf1 Qe2 45.Qd6 Qac2 46.Qd5 Qce4 47.Qxe4 
Qxe4 48.g4 Qa4 49.Nd2 Qxa5 50.Nc4 Qc3 51.Ne3 Kg6 52.Rd1 Qf6 53.Rc1 Qc6+ 
54.Kg3 Qc7+ 55.Kg2 h5 56.gxh5+ Kxh5 57.Rc4 Kg6 58.h4 gxh4 59.Rxh4 f5 60.f3
Qe5 61.Kf2 Qb2+ 62.Ke1 Qa1+ 63.Ke2 Kg5 64.Rc4 Qa3 65.f4+ Kf6 66.Rc3 Qa6+ 
67.Kf2 Qd6 68.Ke2 Ke6 69.Rc4 Qa6 70.Kd2 Qc8 71.Nd1 Kd5 72.Ne3+ Kc6 73.Rc2 
Qd7+ 74.Ke2 Qe6 75.Rd2 Qe4 76.Rd8 Qxf4 77.Rf8 Qh2+ 78.Kf3 Kb5 79.Rxf5 Kb4 
80.Ke4 Qe2 81.Rd5 Qa2 82.Rf5 Qa8+ 83.Kf4 Kc3 84.Nd5+ Kd2 85.Ke4 Qa4+ 86.
Ke5 1/2-1/2

[Event "12th Costa del Sol it"]
[Site "Malaga ESP"]
[Date "1972.02.13"]
[Round "11"]
[White "Palacios de la Prida, Ernesto"]
[Black "Browne, Walter Shawn"]
[Result "0-1"]
[WhiteElo "2340"]
[BlackElo "2500"]
[EventDate "1972.02.03"]
[PlyCount "74"]

1.d4 Nf6 2.Nd2 c5 3.e3 g6 4.Ngf3 b6 5.b3 Bb7 6.Bb2 Bg7 7.c4 O-O 8.d5 e6 9.
e4 exd5 10.exd5 Re8+ 11.Be2 Nxd5 12.Bxg7 Nf4 13.Be5 Nxe2 14.Qxe2 Nc6 15.
O-O-O Nxe5 16.Nxe5 d6 17.f4 dxe5 18.Ne4 Qh4 19.g3 Qe7 20.Rd7 Qxd7 21.Nf6+ 
Kg7 22.Nxd7 Bxh1 23.fxe5 Rad8 24.Nf6 Re6 25.Qe3 Rd4 26.h3 h6 27.g4 Be4 28.
Qg3 a6 29.a4 Rd3 30.Qf4 Bc6 31.h4 Rf3 32.Qh2 Re3 33.g5 h5 34.Qd2 R6xe5 35.
Qd8 Re1+ 36.Kb2 R5e2+ 37.Kc3 Rc1+ 0-1